000 00623nam a2200229Ia 4500
003 OSt
005 20220928131222.0
006 a|||||r|||| 00| 0
007 ta
008 220927b |||||||| |||| 00| 0 eng d
024 _a135557
037 _cTextual
040 _aSDCL
_cSDCL
_beng
041 _2eng
_aeng
082 _aR:(G), L6
100 _aSmith C U M
_9451198
245 0 _aProblem of life
_b An essays in the origins of biological thought.
260 _aLondon
_bMacmillan
_c1976
300 _axxiv,343p.
_ccm.
942 _hR:(G), L6
_cTEXL
_2CC
999 _c789974
_d789974